000 01093nabaa22002297a 4500
999 _c6160
_d6160
003 OSt
005 20260123202203.0
008 190701b xxu||||| |||| 00| 0 spa d
040 _cPJ
100 _94410
_aSalgan Ruiz, Leandro G.
245 1 3 _aLa sanción disciplinaria y su incidencia en el ius variandi del empleo público /
_cLeandro Salgan Ruiz.
300 _ap. 191-198
500 _aCita: TR LALEY AR/DOC/3183/2023
505 _aSumario: I. Reseña del caso.— II. Las sanciones de la potestad disciplinaria.— III. Ius variandi en el cambio de funciones del agente público.— IV. Estándares de la decisión de política administrativa.— V. Reflexiones finales.
505 _t¿Te interesa el texto completo? Comunicate al correo: koha@justierradelfuego.gov.ar
650 0 _9211
_aDERECHO ADMINISTRATIVO
650 0 _9938
_aEMPLEO PUBLICO
650 0 _91344
_aIUS VARIANDI
650 0 _92986
_aSANCIONES ADMINISTRATIVAS
773 0 _02842
_93251
_dBuenos Aires : AbeledoPerrot, 2012-
_oDA121
_tDerecho administrativo. Nº 151 enero/febrero 2024
_z18510590
942 _2udc
_cANA